| 000 | 007080000a22001210004500 | ||
|---|---|---|---|
| 100 | 1 | _aHarris, Peter. | |
| 245 | 1 | 0 | _aTowaerds a missiology of caring for creation |
| 300 | _aVol.34, no.3 ( jul.,2010), p. 220-232 | ||
| 520 | _aTodos estamos llamados a ser parte del ministerio de Cristo la reconciliación de "todas las cosas" para Dios mismo, y tenemos mucho por aprender al comienzo para poner en práctica. Nosotros podemos ser confidentes, además que el trabajo que emprendemos en respuesta al llamado de Dios a favor de nuestro amoroso creador, bendecir la creación, y dar verdadero significado al mensaje que Jesús es el Señor. | ||
| 650 | 1 | 4 | _aSALVACIÓN |
| 773 | 0 | _tThe whole world | |
| 942 | _cANA | ||
| 999 |
_c63393 _d63393 |
||